000 00392nam a22001337a 4500
082 _a621.3
_bMON
_cL-9, P-4
100 _aMonk, S.Grodon
_941165
245 _aClassified examples in electrical Engineering.
260 _aLondon
_bSir Issac Pitman & Sons, Ltd.
300 _aviii, 205 p. :
_bill. :
_c4 Cm
526 _a0
_b0
_c0
_d621_300000000000000_MON
650 _aMCE
_9379
942 _2ddc
_cBK
999 _c545345
_d545345